LIBRARY & INFORMATION CENTRE, KCAET, TAVANUR

ONLINE PUBLIC ACCESS CATALOGUE (OPAC)

Mote Ram Shastri / (Record no. 8023)

MARC details
000 -LEADER
fixed length control field 00416cam a2200181ua 4500
041 ## - LANGUAGE CODE
Language code of text/sound track or separate title hin
082 ## - DEWEY DECIMAL CLASSIFICATION NUMBER
Classification number 891.54
Item number PRE/MO
100 ## - MAIN ENTRY--AUTHOR NAME
Personal name Premchand, .
245 ## - TITLE STATEMENT
Title Mote Ram Shastri /
250 ## - EDITION STATEMENT
Edition statement 3 /
260 ## - PUBLICATION, DISTRIBUTION, ETC. (IMPRINT)
Place of publication Ilahabad :
Name of publisher Hans Prakashan ,
Year of publication 1963.
300 ## - PHYSICAL DESCRIPTION
Number of Pages 89 ; .
942 ## - ADDED ENTRY ELEMENTS (KOHA)
Koha item type Books
Holdings
Withdrawn status Lost status Damaged status Home library Current library Date acquired Full call number Accession Number Koha item type Public note
Withdrawn     KAUAET Sanskrit University 07/04/2012 891.54 6167 Books Transferred to Sanskrit University
free website counter